000 00550nam a2200181Ia 4500
008 090123s9999 xx 000 0 und d
082 _b36915
_a891.463/नाईक
100 _aनाईक गुरूनाथ
245 _aकर्दनकाळ
250 _a1
260 _bमनोरमा प्रकाशन
_c2004
300 _a246
600 _aनाईक गुरूनाथ
630 _aकर्दनकाळ
700 _aनाईक गुरूनाथ
730 _aकर्दनकाळ
942 _cBOOK
999 _c74982
_d74982